Consiglio federale (Svizzera) - Statistics

Statistiche generali
  • Questo quiz è stato fatto 23 volte
  • Il punteggio medio è 5 su 7
Statistiche sulle risposte
cantone partito * Consigliere federale * Dipartimento % Corretto
TI PLR Ignazio Cassis DFAE (affari esteri); presidente del consiglio
94%
FR PS Alain Berset DFI (interno)
88%
ZH UDC Ueli Maurer DFF (finanze)
81%
VD UDC Guy Parmelin DEFR (economia, formazione, ricerca)
75%
VS AdC Viola Amherd DDPS (difesa e sport)
69%
BE PS Simonetta Sommaruga DATEC (ambiente, trasporti, energia, comunicazioni)
63%
SG PLR Karin Keller-Sutter DFGP (giustizia e polizia)
56%
Nessun quiz corrispondente trovato
Distribuzione punteggi
Percentuale di utenti per punteggio
Percentile per numero di risposta
I tuoi punteggi nel tempo
Non hai fatto questo quiz